000 00339 a2200169 4500
001 186853
020 _a85-262-3725-X
040 _cMagnum
100 _aChianca, Leonardo
240 1 0 _aOdisséia
_lpor
245 1 0 _aOdisséia
300 _a47
362 0 _a2000
440 1 _aScipione
697 _aLITERATURA INFANTO
942 _cBK
999 _c186853
_d186853